000 00398cam a2200169ua 4500
001 7720
008 120723n1997 II |||gr||||Z||||||eng
040 _aMAIN
041 _aEnglish
082 _a515.3 NAR
100 _aNARAYAN, SHANTI.
245 _aDIFERENTIAL CALCULUS
260 _aNEW DELHI
_bS.CHAND & COMPANY
_c1997
300 _a378:
_c22CM.
653 _aDifferential Calculus
942 _cBK
999 _c7705
_d7705